• 首页
  • 本馆介绍
  • 公告通知
  • 最新文献
  • 馆藏检索
  • 电子资源
  • 读者导购
  • 参考咨询
  • 我的图书馆
  • 登录
  • 详细信息显示
  • 放入我的书架
  • 预约/预借图书
  • 作者相关作品
  • 分类相关作品
  • 丛书相关作品
  • 出版社相关作品

书目信息

  • 表格格式
  • 工作单格式
  • 卡片格式
题名:
国防教育
    
 
作者: 汪庆荣 , 王江琦 , 任志强 主编
分册:  
出版信息: 北京   高等教育出版社  2004
页数: 130页
开本: 26cm
丛书名:
单 册:
中图分类: G711
科图分类:
主题词: 国防教育--高等教育--教材 , 国防教育
电子资源:
ISBN: 7-04-014223-6
000 01242nam0 2200361 450
000 01205nam0 2200349 450
000 01154nam0 2200337 450
000 01119nam0 2200325 450
000 01082nam0 2200313 450
000 01046nam0 2200301 450
000 00959nam0 2200265 450
000 00923nam0 2200253 45
001 1554079945
005 20150128150141.84
010    @a7-04-014223-6@dCNY11.00
100    @a20070328e20062004em y0chiy0120 ea
101 0  @achi
102    @aCN@b110000
105    @ay z 000yy
200 1  @a国防教育@AGuo Fang Jiao Yu@f汪庆荣,王江琦,任志强主编@FWang Qing Rong, Wang Jiang Qi, Ren Zhi Qiang Zhu Bian
210    @a北京@c高等教育出版社@d2004@h2006
215    @a130页@d26cm
300    @a新世纪高职高专教改项目成果教材
330    @a本书是关于国防教育的高校教材,系统地论述国家与国防、国防建设与国家建设、我国的国防、我国的边防与武装力量等内容。
606 0  @a国防教育@x高等教育@j教材
606 0  @a国防教育
690    @aG711@v4
701  0 @a汪庆荣@AWang Qing Rong@f(1942~)@4主编
701  0 @a王江琦@AWang Jiang Qi@4主编
701  0 @a任志强@ARen Zhi Qiang@4主编
801  0 @aCN@bTAOJIN@c20070328
905    @aZUCC@dG711@eJY1
    
    国防教育/汪庆荣,王江琦,任志强主编.-北京:高等教育出版社,2004(2006)
    130页;26cm
    新世纪高职高专教改项目成果教材
    
    ISBN 7-04-014223-6:CNY11.00
    本书是关于国防教育的高校教材,系统地论述国家与国防、国防建设与国家建设、我国的国防、我国的边防与武装力量等内容。
●
相关链接 在E读中查询图书 在五车中查询图书 在当当中查询图书 在豆瓣中查询图书


正题名:国防教育     索取号:G711/JY1         预约/预借

序号 登录号 条形码 馆藏地/架位号 状态 备注
1 7859392   278593924   学院路分馆/ [索取号:G711/JY1] 在馆    
2 7859393   278593933   学院路分馆/ [索取号:G711/JY1] 在馆    
唐山师范学院图书馆 欢迎您!
大连网信软件有限公司© 版权所有